00382 a2200145 4500001000700000003000400007005001700011008004100028082001900069100001900088245007200107260003200179300001000211700001500221131902OSt20211028115753.0  a658.3124bB85T1 aBuckley, Roger1 aThe theory and practice of trainingcby Roger Buckley and Jim Caple aNew DelhibKogan Pagec2010 a353p. aCaple, Jim